Geography Quiz

Random Geography or City Quiz

Recycled Capital Names Quiz Stats

 Plays Quiz Updated Sep 19, 2018

Score 0/17 Timer 03:00
3 Plays Today
% Correct
Mexico City
84.6%
Vatican City
71.4%
Panama City
65.8%
Luxembourg
59.6%
Monaco
57.1%
Guatemala City
54.2%
San Marino
53.3%
Singapore
46.3%
Kuwait City
44.8%
% Correct
Djibouti
35.3%
Brasilia (Brazil)
35%
Andorra la Vella (Andorra)
30.7%
Tunis (Tunisia)
24.9%
San Salvador (El Salvador)
24.5%
Sao Tome (Sao Tome and Principe)
20.1%
Bissau (Guinea-Bissau)
17.3%
Sri Jayawardenepura Kotte (Sri Lanka)
5.5%

You're not logged in!

Compare scores with friends on all Sporcle quizzes.
OR
Log In

Sporcle TV

Today on Sporcle TV


Watch our educational content, quiz creation guides, and fun videos on Sporcle TV.

Show Comments

Extras

Top Quizzes Today


Score Distribution

Your Account Isn't Verified!

In order to create a playlist on Sporcle, you need to verify the email address you used during registration. Go to your Sporcle Settings to finish the process.

Report this User

Report this user for behavior that violates our Community Guidelines.

Details: